书目信息 |
| 题名: |
全国注册安全工程师执业资格考试答疑精选与试题精练
|
|
| 作者: | 于谷顺 主编 | |
| 分册: | 安全生产法及相关法律知识 | |
| 出版信息: | 北京 中国电力出版社 2005.07 |
|
| 页数: | 372页 | |
| 开本: | 26cm | |
| 丛书名: | ||
| 单 册: | ||
| 中图分类: | D922.544-44 | |
| 科图分类: | 35.243055 | |
| 主题词: | 安全生产法--an quan sheng chan fa--中国--工程技术人员--资格考试--习题 | |
| 电子资源: | ||
| ISBN: | 7-5083-3328-4 | |
| 000 | 00887nam 2200229 450 | |
| 001 | CAL 012005136550 | |
| 005 | 20060427093033.14 | |
| 010 | @a7-5083-3328-4@dCNY 46.00 | |
| 099 | @aCAL 012005136550 | |
| 100 | @a20051129d2005 ekmy0chiy0121 ea | |
| 101 | 0 | @achi |
| 102 | @aCN@b110000 | |
| 200 | 1 | @a全国注册安全工程师执业资格考试答疑精选与试题精练@Aquan guo zhu ce an quan gong cheng shi zhi ye zi ge kao shi da yi jing xuan yu shi ti jing lian@i安全生产法及相关法律知识@f于谷顺主编 |
| 210 | @a北京@c中国电力出版社@d2005.07 | |
| 215 | @a372页@d26cm | |
| 517 | 1 | @a安全生产法及相关法律知识@Aan quan sheng chan fa ji xiang guan fa lv zhi shi |
| 606 | 0 | @a安全生产法@Aan quan sheng chan fa@y中国@x工程技术人员@x资格考试@j习题 |
| 690 | @aD922.544-44@v4 | |
| 692 | @a35.243055@v3 | |
| 701 | 0 | @a于谷顺@Ayu gu shun@4主编 |
| 801 | 0 | @aCN@bWUL@c20060427 |
| 905 | @a10447@dD922.544-44@eY708 | |
| 全国注册安全工程师执业资格考试答疑精选与试题精练.安全生产法及相关法律知识/于谷顺主编.-北京:中国电力出版社,2005.07 |
| 372页;26cm |
| ISBN 7-5083-3328-4:CNY 46.00 |
| ● |
| 相关链接 |
|
|
|
正题名:全国注册安全工程师执业资格考试答疑精选与
索取号:D922.544-44/Y708
 
预约/预借
| 序号 | 登录号 | 条形码 | 馆藏地/架位号 | 状态 | 备注 |
| 1 | 601845 | 206018450 | 社科库509/509社科库 89排8列6层/ [索取号:D922.544-44/Y708] | 在馆 |